000 00331nam a2200145Ia 4500
005 20251222153552.0
008 251222s9999||||xx |||||||||||||| ||spa||
020 _a8467434392
082 _a813.54/L45
100 _aLeón, Donna
245 0 _aEl Peor Remedio
250 _a1ra.ed.
264 _bPlaneta DeAgostini
942 _cLIB
999 _c30895
_d30895